ՀՀ Գիտությունների ազգային ակադեմիայի հիմնարար գիտական գրադարան  =   Fundamental Scientific Library of NAS RA

Մուսուլմանական Արևելքի պատմության հիմնահարցեր (7-15-րդ դարեր) ։ (Record no. 449408)

MARC details
000 -LEADER
fixed length control field 01252nam a22002657a 4500
003 - CONTROL NUMBER IDENTIFIER
control field AM-YeHGA
005 - DATE AND TIME OF LATEST TRANSACTION
control field 20250617160250.0
008 - FIXED-LENGTH DATA ELEMENTS--GENERAL INFORMATION
fixed length control field 200813s2020 ai ||||| |||| 00| 0 arm d
020 ## - INTERNATIONAL STANDARD BOOK NUMBER
International Standard Book Number 9789939865751
040 ## - CATALOGING SOURCE
Original cataloging agency AM-YeHGA
041 0# - LANGUAGE CODE
Language code of text/sound track or separate title arm
090 ## - LOCALLY ASSIGNED LC-TYPE CALL NUMBER (OCLC); LOCAL CALL NUMBER (RLIN)
-- 452330
100 1# - MAIN ENTRY--PERSONAL NAME
Personal name Մարգարյան, Գոռ
245 10 - TITLE STATEMENT
Title Մուսուլմանական Արևելքի պատմության հիմնահարցեր (7-15-րդ դարեր) ։
Remainder of title Ուսումնամեթոդական ձեռնարկ /
Statement of responsibility, etc. Գոռ Մարգարյան; Խմբ.՝ Ռ.Պ. Ղազարյան; ՀՀ ԳԱԱ գիտակրթ. միջազգ. կենտրոն, Արևելագիտ. ին-տ.
246 15 - VARYING FORM OF TITLE
Title proper/short title The main problems of the history of Muslim Orient (7th-15 th centuries)
260 ## - PUBLICATION, DISTRIBUTION, ETC.
Place of publication, distribution, etc. Երևան :
Name of publisher, distributor, etc. Տիր,
Date of publication, distribution, etc. 2020
300 ## - PHYSICAL DESCRIPTION
Extent 115 էջ :
Other physical details քարտ.
504 ## - BIBLIOGRAPHY, ETC. NOTE
Bibliography, etc. note Մատենագիտ. էջ՝ 112-113
650 14 - SUBJECT ADDED ENTRY--TOPICAL TERM
Topical term or geographic name entry element Պատմություն
700 1# - ADDED ENTRY--PERSONAL NAME
Personal name Ղազարյան, Ռ.Պ.
Relator term խմբ.
Relationship edt
710 2# - ADDED ENTRY--CORPORATE NAME
Corporate name or jurisdiction name as entry element ՀՀ ԳԱԱ գիտակրթական միջազգային կենտրոն
710 2# - ADDED ENTRY--CORPORATE NAME
Corporate name or jurisdiction name as entry element ՀՀ ԳԱԱ Արևելագիտության ինստիտուտ
856 4# - ELECTRONIC LOCATION AND ACCESS
Uniform Resource Identifier <a href="https://arar.sci.am/dlibra/publication/348891/edition/321453/content">https://arar.sci.am/dlibra/publication/348891/edition/321453/content</a>
Link text Կարդալ առցանց
942 ## - ADDED ENTRY ELEMENTS (KOHA)
Source of classification or shelving scheme Universal Decimal Classification
Koha item type Գրքեր / Books
Holdings
Withdrawn status Lost status Source of classification or shelving scheme Damaged status Not for loan Collection Home library Current library Date acquired Total checkouts Full call number Barcode Date last seen Price effective from Koha item type Public note
    Universal Decimal Classification     General Fundamental Scientific Library Fundamental Scientific Library 13/08/2020   AII/105868 FL0614245 13/08/2020 13/08/2020 Գրքեր / Books 30 Days Loan
    Universal Decimal Classification     General Fundamental Scientific Library Fundamental Scientific Library 17/09/2020   AII/105865 FL0633133 17/09/2020 17/09/2020 Գրքեր / Books 30 Days Loan
    Universal Decimal Classification     General Fundamental Scientific Library Fundamental Scientific Library 17/09/2020   AII/105866 FL0633132 17/09/2020 17/09/2020 Գրքեր / Books 30 Days Loan
    Universal Decimal Classification     General Fundamental Scientific Library Fundamental Scientific Library 17/09/2020   AII/105867 FL0633131 17/09/2020 17/09/2020 Գրքեր / Books 30 Days Loan


ՀՀ ԳԱԱ հիմնարար գիտական գրադարան
ՀՀ,Երևան 0019
Մարշալ Բաղրամյան 24/6
հեռախոս:(374-10) 52-47-50
Հետադարձ կապ

All site content, except where otherwise noted, is licensed under a
Creative Commons License